000 00471nam a2200157 i 4500
001 69559
003 ES-MaACL
005 20230906170541.0
007 t|
008 040707s1982 sp ||||1| spa d
100 1 _aGarcía Echevarría, Santiago.
_954565
245 1 0 _aResponsabilidad social y balance social de la empresa /
_cS. García Echevarría.
260 _a[Madrid] :
_bMAPFRE,
_c[1982]
300 _aXV, 341 p. ;
_c21 cm.
852 _aES-MaACL
_jL-2496
_bR.103423
999 _c69559
_d69559